Geography Decoder - Statistics

General Stats
  • This quiz has been taken 75,714 times
  • The average score is 16 of 23
Answer Stats
Clue Answer % Correct
E Highest mountain in the world Everest
94%
A A book of maps Atlas
89%
I Also known as Persia Iran
89%
R City that surrounds the Vatican Rome
88%
S Largest Nordic country Sweden
88%
G World's largest island Greenland
85%
E Capital of Scotland Edinburgh
82%
C Country whose largest island is Baffin Island Canada
80%
E Spanish name for Spain España
80%
H Mountain range in which Bhutan is located Himalayas
79%
T Australian state with no border Tasmania
74%
T Its capital is Florence Tuscany
67%
R Capital of Morocco Rabat
65%
E National Park in Florida Everglades
64%
A Sea between Greece & Turkey Aegean Sea
60%
T Baltic capital whose name has two sets of double letters Tallinn
60%
V Longest European river Volga
60%
D The lowest elevation on dry land is on the coast of this sea Dead Sea
59%
T East Timor, in Portuguese Timor-Leste
50%
O Largest coastal city in Ukraine Odessa
48%
R Currency of Nepal Rupee
44%
I Only national capital that starts with the letter I Islamabad
39%
Final Geographical Place The Great Victoria Desert
34%
No matching quizzes found
Score Distribution
Percent of People with Each Score
Percentile by Number Answered
Your Score History
You have not taken this quiz